000 00707nam a2200241 a 4500
001 17620
003 CO-ViMGA
008 141112s2004 ck r 000 u spa d
020 _a9586921468
040 _aCO-ViMGA
_bspa
_cCO-ViMGA
082 0 4 _a220.9 H366l
100 1 _aHepper, Nigel
_924973
245 1 0 _aEl lugar donde comenzó el mundo
260 _aBogotá,
_cSan Pablo,
_c2001
300 _a20.p.
490 _aEl mundo de la biblia
590 _aForma de adquisición : Premio - Mincultura
650 1 4 _aBIBLIA - HISTORIA SAGRADA
_915484
650 1 4 _aGEOGRAFIA BIBLICA - MAPAS
_924974
650 1 4 _aGEOGRAFIA BIBLICA - REGIONES
_924975
650 1 4 _aLITERATURA JUVENIL
_9314
942 _2ddc
_cBK
999 _c27113
_d27113